| 000 | 00634nam a22002057a 4500 | ||
|---|---|---|---|
| 005 | 20251108164259.0 | ||
| 008 | 250721s1980 xx 000 0 ara d | ||
| 082 | 1 | 4 | _a330.1/عدن |
| 100 | 1 | _aالهندي، عدنان | |
| 245 | 1 | 0 |
_aمبادئ في الإقتصاد التحليلي : _bالجزئي و الكلي / |
| 264 | 1 |
_aعمان : _bالمطبعة الأردنية، _c1980. |
|
| 300 | _a274ص | ||
| 650 | 1 | 7 | _aالإقتصاد |
| 650 | 1 | 7 | _aالفلسفة |
| 650 | 1 | 7 | _aالنظريات |
| 650 | 1 | 7 | _aالإقتصاد التحليلي |
| 700 | 1 | _aالحوراني، أحمد | |
| 942 |
_2ddc _cBK |
||
| 999 |
_c8252 _d8252 |
||